Normal view
MARC view
- الجبور ، محمد عودة
Entry Personal Name
001 - CONTROL NUMBER
- control field: 32931
003 - CONTROL NUMBER IDENTIFIER
- control field: JO-AjAnu
005 - DATE AND TIME OF LATEST TRANSACTION
- control field: 20230606075529.0
008 - FIXED-LENGTH DATA ELEMENTS
- fixed length control field: 230606|| aca||aabn | a|a d
040 ## - CATALOGING SOURCE
- Original cataloging agency: JO-AjAnu
- Transcribing agency: JO-AjAnu
100 ## - HEADING--PERSONAL NAME
- Personal name: الجبور ، محمد عودة
670 ## - SOURCE DATA FOUND
- Source citation: Work cat.: (JO-AjAnu)16919: الجبور ، محمد عودة , author, الوسيط في قانون العقوبات : القسم العام ( وفق آخر التعديلات التي طرأت على قانون العقوبات بالقانون المعدل رقم (8) لسنة 2011)